Statistics for Spell the Marvel Character #123

Click here to take the quiz!

General Stats

  • This quiz has been taken 9 times
  • The average score is 9 of 12

Answer Stats

Answer% Correct
Hercules
100%
Okoye
100%
Punisher
100%
Rocket Raccoon
100%
Ant-Man
89%
Echo
89%
Spider-Gwen
89%
Goliath
67%
Grasshopper
56%
Puck
56%
Red Wolf
44%
Snowbird
44%

Score Distribution

Percentile by Number Answered

Percent of People with Each Score

Your Score History

You have not taken this quiz